[Event "South African op"]
[Site "Durban"]
[Date "2017.07.16"]
[Round "4"]
[White "Jacobs, Cavan"]
[Black "Maloba, David"]
[Result "1-0"]
[WhiteElo "1692"]
[BlackElo "1562"]
[PlyCount "75"]
[EventDate "2017.07.14"]
[EventType "swiss"]
[EventRounds "11"]
[EventCountry "RSA"]
[SourceTitle "EXT 2018"]
[Source "ChessBase"]
[SourceDate "2017.10.13"]
[SourceVersion "1"]
[SourceVersionDate "2017.10.13"]
[SourceQuality "1"]

1. e4 c5 2. Nf3 e6 3. d4 cxd4 4. Nxd4 Nf6 5. Nc3 d6 6. Bg5 Be7 7. Qd2 a6 8. f4 b5 9. a3 Bb7 10. Bxf6 Bxf6 11. 0-0-0 Nd7 12. g4 Be7 13. Kb1 Rc8 14. f5 e5 15. Nb3 Rxc3 16. Qxc3 Bxe4 17. Rg1 0-0 18. h4 Qa8 19. Qh3 Rc8 20. Rd2 Nb6 21. g5 Bf8 22. h5 Nd5 23. g6 Nf4 24. Qg4 fxg6 25. hxg6 hxg6 26. fxg6 Bxg6 27. Rf2 Qe4 28. Bd3 Nxd3 29. Qe6+ Kh8 30. Qxc8 Nxf2 31. Qxf8+ Kh7 32. Qxf2 Bf5 33. Nc1 Qf4 34. Rh1+ Kg6 35. Qg2+ Kf6 36. Rf1 Qd4 37. Ne2 Qe4 38. Qxe4 1-0